[Event "Moscow-ch rapid (Women)"]
[Site "Moscow"]
[Date "2018.12.08"]
[Round "4"]
[White "Diakonova, Ekaterina"]
[Black "Chasovnikova, Eugenia"]
[Result "0-1"]
[WhiteElo "2225"]
[BlackElo "2201"]
[PlyCount "64"]
[EventDate "2018.12.08"]
[EventType "swiss (rapid)"]
[EventRounds "11"]
[EventCountry "RUS"]
[SourceTitle "CBM 187 Extra"]
[Source "ChessBase"]
[SourceDate "2018.11.04"]
[SourceVersion "1"]
[SourceVersionDate "2018.11.04"]
[SourceQuality "1"]

1. e4 c5 2. Nf3 Nc6 3. Bb5 g6 4. 0-0 Bg7 5. Re1 e5 6. Nc3 Nge7 7. Nd5 0-0 8. d3 Nxd5 9. exd5 Nd4 10. c4 Nxb5 11. cxb5 d6 12. Nd2 b6 13. a4 f5 14. a5 bxa5 15. Qb3 Bb7 16. Qc4 a6 17. b6 Qxb6 18. Nb3 a4 19. Rxa4 a5 20. Bd2 Ba6 21. Qc2 e4 22. dxe4 fxe4 23. Bxa5 Qb5 24. Ra2 e3 25. f3 c4 26. Nc1 Qxd5 27. Ne2 Qd3 28. Rc1 d5 29. Bb6 d4 30. Nxd4 Bxd4 31. Bxd4 Qxd4 32. Rd1 e2+ 0-1

[Event "Moscow-ch (Women)"]
[Site "Moscow"]
[Date "2013.03.26"]
[Round "5"]
[White "Chasovnikova, Eugenia"]
[Black "Skakun, Valentina"]
[Result "1/2-1/2"]
[WhiteElo "2211"]
[BlackElo "1922"]
[PlyCount "126"]
[EventDate "2013.03.22"]
[EventType "swiss"]
[EventRounds "9"]
[EventCountry "RUS"]
[SourceTitle "CBM 153 Extra"]
[Source "ChessBase"]
[SourceDate "2013.04.22"]
[SourceVersion "1"]
[SourceVersionDate "2013.04.22"]
[SourceQuality "1"]

1. d4 d5 2. c4 e6 3. Nc3 c6 4. e4 dxe4 5. Nxe4 Bb4+ 6. Bd2 Qxd4 7. Bxb4 Qxe4+ 8. Be2 Na6 9. Ba3 c5 10. Qd6 Bd7 11. Rd1 Nf6 12. Nf3 Qc6 13. Qg3 0-0 14. Ne5 Qa4 15. 0-0 Rad8 16. Bf3 Bc8 17. Qh4 Qa5 18. g4 Qc7 19. Rfe1 Rxd1 20. Bxd1 Nd7 21. Bc2 h6 22. f4 Nxe5 23. fxe5 Qd8 24. Qf2 b6 25. b3 Nb4 26. Bxb4 cxb4 27. Be4 Qg5 28. h3 h5 29. Qf3 f5 30. exf6 hxg4 31. Qxg4 Qxg4+ 32. hxg4 gxf6 33. Rd1 Kf7 34. Kf2 Ke7 35. Rh1 Kd6 36. Ke3 Bd7 37. Rd1+ Kc7 38. Rh1 a5 39. Rh7 Kd6 40. Rh6 Ke7 41. Rh7+ Rf7 42. Rh8 Rg7 43. Bf3 Be8 44. Kd4 Rg5 45. Rh7+ Bf7 46. Rh8 Rg8 47. Rh7 e5+ 48. Ke3 Rf8 49. Bd5 Ke8 50. Rg7 Bxd5 51. cxd5 Rf7 52. Rg6 Ke7 53. Ke4 b5 54. g5 fxg5 55. Kxe5 Rf2 56. Rg7+ Kf8 57. Rxg5 Rxa2 58. d6 Ke8 59. Rg8+ Kd7 60. Rg7+ Kd8 61. Rb7 a4 62. bxa4 bxa4 63. Rxb4 Re2+ 1/2-1/2

[Event "Moscow-ch (Women)"]
[Site "Moscow"]
[Date "2013.03.24"]
[Round "3"]
[White "Chasovnikova, Eugenia"]
[Black "Bukhteeva, Viktoria"]
[Result "1-0"]
[WhiteElo "2211"]
[BlackElo "2170"]
[PlyCount "103"]
[EventDate "2013.03.22"]
[EventType "swiss"]
[EventRounds "9"]
[EventCountry "RUS"]
[SourceTitle "CBM 153 Extra"]
[Source "ChessBase"]
[SourceDate "2013.04.22"]
[SourceVersion "1"]
[SourceVersionDate "2013.04.22"]
[SourceQuality "1"]

1. d4 d5 2. c4 e5 3. dxe5 d4 4. a3 Nc6 5. Nf3 Nge7 6. e3 Bg4 7. Be2 dxe3 8. Bxe3 Qxd1+ 9. Bxd1 0-0-0 10. Nbd2 Ng6 11. e6 Bxe6 12. Ng5 Nge5 13. Nxe6 Nd3+ 14. Ke2 fxe6 15. b4 Bd6 16. Ba4 Nf4+ 17. Kf1 Be5 18. Rb1 Nd4 19. g3 Nd3 20. Kg2 Rhf8 21. Ne4 Nf5 22. Bg5 Rd4 23. Rhd1 h6 24. Bc2 Rxe4 25. Bxd3 Rd4 26. Bc1 Rfd8 27. Re1 Rxd3 28. Rxe5 Rd1 29. Rxe6 Nd4 30. Re7 Nc2 31. Rxg7 Ne1+ 32. Kh3 Nd3 33. f4 Nf2+ 34. Kg2 Nd3 35. Rg6 h5 36. Rh6 Nxc1 37. Rxh5 R1d2+ 38. Kf3 Ne2 39. Re1 Nd4+ 40. Kg4 Rg8+ 41. Rg5 Rxg5+ 42. fxg5 Rxh2 43. Re4 Nc6 44. b5 Nd8 45. g6 Rh8 46. Kg5 Kd7 47. g7 Rg8 48. Kf6 c5 49. g4 a6 50. a4 axb5 51. axb5 b6 52. g5 1-0

[Event "Bykova Memorial op (Women)"]
[Site "Suzdal"]
[Date "2010.12.22"]
[Round "8"]
[White "Chasovnikova, Eugenia"]
[Black "Terentieva, Alena"]
[Result "1-0"]
[WhiteElo "2248"]
[BlackElo "1688"]
[PlyCount "105"]
[EventDate "2010.12.15"]
[EventType "swiss"]
[EventRounds "9"]
[EventCountry "RUS"]
[SourceTitle "CBM 140 Extra"]
[Source "ChessBase"]
[SourceDate "2011.03.01"]
[SourceVersion "1"]
[SourceVersionDate "2011.03.01"]
[SourceQuality "1"]

1. b3 e5 2. Bb2 Nc6 3. e3 Nf6 4. Bb5 d6 5. d4 Bd7 6. d5 Ne7 7. Bxd7+ Qxd7 8. c4 Ng6 9. Nd2 Be7 10. Ne2 0-0 11. Ng3 c6 12. dxc6 bxc6 13. h4 Qg4 14. Qxg4 Nxg4 15. Nf5 Nh6 16. Nxh6+ gxh6 17. h5 Nh8 18. c5 f6 19. cxd6 Bxd6 20. Rc1 Rac8 21. Rh4 Nf7 22. Rhc4 Nd8 23. g4 f5 24. Ke2 Rc7 25. gxf5 Rxf5 26. Rg4+ Kf8 27. Nc4 Nb7 28. Nxd6 Nxd6 29. e4 Rxh5 30. Ba3 Ke7 31. Rd1 c5 32. Rd5 Ke6 33. Rxc5 Rxc5 34. Bxc5 Rg5 35. Rh4 Rg6 36. Bxa7 Nb5 37. Bc5 Nc3+ 38. Kd3 Nxa2 39. Kc2 Kf7 40. Kb2 Rc6 41. b4 Ra6 42. Rh1 Kg6 43. Ra1 Nxb4 44. Rg1+ Kf6 45. Bxb4 h5 46. Bc3 Rb6+ 47. Kc2 Rc6 48. f4 Rxc3+ 49. Kxc3 exf4 50. Kd4 h4 51. Rg4 h3 52. Rxf4+ Kg5 53. Rf1 1-0

[Event "Bykova Memorial op (Women)"]
[Site "Suzdal"]
[Date "2010.12.21"]
[Round "7"]
[White "Baraeva, Marina"]
[Black "Chasovnikova, Eugenia"]
[Result "1-0"]
[WhiteElo "2126"]
[BlackElo "2248"]
[PlyCount "123"]
[EventDate "2010.12.15"]
[EventType "swiss"]
[EventRounds "9"]
[EventCountry "RUS"]
[SourceTitle "CBM 140 Extra"]
[Source "ChessBase"]
[SourceDate "2011.03.01"]
[SourceVersion "1"]
[SourceVersionDate "2011.03.01"]
[SourceQuality "1"]

1. d4 d5 2. c4 c6 3. Nc3 Nf6 4. Nf3 a6 5. a4 e6 6. Bg5 h6 7. Bxf6 Qxf6 8. e3 g6 9. Bd3 Bg7 10. 0-0 0-0 11. Qe2 a5 12. Rac1 Nd7 13. Rfe1 dxc4 14. Bxc4 e5 15. d5 Nc5 16. e4 Bg4 17. Qe3 Bxf3 18. gxf3 Nd7 19. Red1 Rfd8 20. Rc2 Bf8 21. Rcd2 Nc5 22. Kh1 Kg7 23. Rg1 Be7 24. Rg4 Nd7 25. Rd1 Bc5 26. Qe2 h5 27. Rg3 Nf8 28. Rdg1 Qh4 29. Nd1 Rd6 30. Ne3 Bxe3 31. fxe3 Rc8 32. Qg2 cxd5 33. Bxd5 Qf6 34. Bxb7 Rc4 35. Rg5 Rb6 36. Bd5 Rxa4 37. b3 Ra3 38. Qb2 Qxf3+ 39. R5g2 Raxb3 40. Bxb3 Qxe4 41. Qc3 Rc6 42. Qd2 Rf6 43. Bd5 Qh4 44. Qxa5 Ne6 45. Bxe6 Rxe6 46. Qd5 e4 47. Qg5 Qxg5 48. Rxg5 Kh6 49. Rc5 f5 50. Kg2 Rd6 51. Kh3 Rd3 52. Rg3 Rd6 53. Rc8 Kg7 54. Kh4 Kf6 55. Rh8 Rd2 56. Kh3 g5 57. Rf8+ Kg7 58. Rxf5 g4+ 59. Kh4 Kg6 60. Rg5+ Kf6 61. Kxh5 Rxh2+ 62. Kxg4 1-0

[Event "Bykova Memorial op (Women)"]
[Site "Suzdal"]
[Date "2010.12.19"]
[Round "5"]
[White "Charochkina, Daria"]
[Black "Chasovnikova, Eugenia"]
[Result "1-0"]
[WhiteElo "2303"]
[BlackElo "2248"]
[PlyCount "135"]
[EventDate "2010.12.15"]
[EventType "swiss"]
[EventRounds "9"]
[EventCountry "RUS"]
[SourceTitle "CBM 140 Extra"]
[Source "ChessBase"]
[SourceDate "2011.03.01"]
[SourceVersion "1"]
[SourceVersionDate "2011.03.01"]
[SourceQuality "1"]

1. e4 g6 2. d4 Bg7 3. c4 c5 4. d5 d6 5. Nc3 Nf6 6. f4 0-0 7. Nf3 e6 8. Be2 exd5 9. cxd5 b5 10. e5 dxe5 11. fxe5 Ng4 12. Bg5 Qb6 13. 0-0 c4+ 14. Kh1 Nxe5 15. Be7 Re8 16. d6 Nbd7 17. Nxe5 Nxe5 18. Nd5 Qc6 19. Bf3 Nxf3 20. Qxf3 Bb7 21. Qxf7+ Kh8 22. Bf6 Bxf6 23. Qxf6+ Kg8 24. Rad1 Rad8 25. Qxd8 Rxd8 26. Ne7+ Kg7 27. Nxc6 Bxc6 28. Rd4 a5 29. h4 Rd7 30. Kh2 h5 31. Rf2 b4 32. Rc2 Bb5 33. Rd5 Ba6 34. Rcd2 a4 35. Ra5 c3 36. bxc3 bxc3 37. Rc2 Rxd6 38. Rxc3 Bd3 39. Rxa4 Bf5 40. Rb4 Rd2 41. a4 Ra2 42. Rc5 Kf6 43. Rb6+ Ke7 44. Rc7+ Kd8 45. Ra7 Kc8 46. Rb4 Bg4 47. Kg3 Ra3+ 48. Kf4 Ra2 49. Kg3 Ra3+ 50. Kh2 Ra2 51. Rb3 Bf5 52. Re3 Kb8 53. Ree7 Be4 54. Rad7 Kc8 55. Rd4 Bxg2 56. Kg3 Bh1 57. Rf4 Kd8 58. Ra7 Ke8 59. Rb4 Rd2 60. Rb8+ Rd8 61. Rxd8+ Kxd8 62. Rg7 Be4 63. Kf4 Bc2 64. a5 Kc8 65. Kg5 Kb8 66. Rxg6 Bd1 67. Rh6 Kb7 68. Rxh5 1-0

[Event "Bykova Memorial op (Women)"]
[Site "Suzdal"]
[Date "2010.12.18"]
[Round "4"]
[White "Chasovnikova, Eugenia"]
[Black "Bezgodova, Tatiana"]
[Result "1-0"]
[WhiteElo "2248"]
[BlackElo "1521"]
[PlyCount "63"]
[EventDate "2010.12.15"]
[EventType "swiss"]
[EventRounds "9"]
[EventCountry "RUS"]
[SourceTitle "CBM 140 Extra"]
[Source "ChessBase"]
[SourceDate "2011.03.01"]
[SourceVersion "1"]
[SourceVersionDate "2011.03.01"]
[SourceQuality "1"]

1. d4 Nf6 2. Nf3 c6 3. Bg5 d5 4. e3 Bg4 5. Bxf6 exf6 6. c4 Be7 7. Nc3 0-0 8. cxd5 cxd5 9. Qb3 b6 10. Qxd5 Qxd5 11. Nxd5 Bd6 12. Bd3 Nc6 13. 0-0 Bxf3 14. gxf3 Rad8 15. Rac1 Ne7 16. Nxe7+ Bxe7 17. Rc7 Bd6 18. Rxa7 Bb8 19. Rb7 Rd5 20. Rxb6 Rg5+ 21. Kh1 Rh5 22. f4 g5 23. Rxf6 gxf4 24. e4 Kh8 25. Rc1 f3 26. e5 Rh3 27. a4 Rg8 28. Rxf7 Rg2 29. Rc8+ Rg8 30. Rff8 Rxf8 31. Rxf8+ Kg7 32. Rxb8 1-0

[Event "Wch Blitz sf (Women)"]
[Site "Moscow"]
[Date "2010.09.15"]
[Round "1"]
[White "Zhu, Chen"]
[Black "Chasovnikova, Eugenia"]
[Result "1-0"]
[WhiteElo "2470"]
[BlackElo "2251"]
[PlyCount "71"]
[EventDate "2010.09.15"]
[EventType "swiss (blitz)"]
[EventRounds "26"]
[EventCountry "RUS"]
[SourceTitle "CBM 138 Extra"]
[Source "ChessBase"]
[SourceDate "2010.10.29"]
[SourceVersion "1"]
[SourceVersionDate "2010.10.29"]
[SourceQuality "1"]

1. d4 d5 2. c4 e6 3. Nc3 Be7 4. Nf3 Nf6 5. Bf4 0-0 6. e3 c5 7. dxc5 Bxc5 8. cxd5 exd5 9. a3 Nc6 10. Be2 Be6 11. 0-0 a6 12. Ne5 Rc8 13. Rc1 Nxe5 14. Bxe5 Ne4 15. Bf3 Nxc3 16. Rxc3 Qe7 17. Bd4 Bd6 18. Rd3 Qh4 19. g3 Qe7 20. Bc3 Qg5 21. Bxd5 Bf5 22. Rd2 Bxa3 23. Bxg7 Qxg7 24. bxa3 Rc7 25. Qb3 b5 26. Rd4 Rfc8 27. Bg2 Be6 28. Qd1 Qf6 29. a4 Rc2 30. axb5 axb5 31. Rf4 Qg7 32. Qd6 R2c5 33. Rd1 Rc4 34. Rfd4 b4 35. Rxc4 Rxc4 36. Qb8+ 1-0

[Event "Wch Blitz qf (Women)"]
[Site "Moscow"]
[Date "2010.09.14"]
[Round "2"]
[White "Chan, Naruna"]
[Black "Chasovnikova, Eugenia"]
[Result "0-1"]
[WhiteElo "1725"]
[BlackElo "2251"]
[PlyCount "52"]
[EventDate "2010.09.14"]
[EventType "swiss (blitz)"]
[EventRounds "11"]
[EventCountry "RUS"]
[SourceTitle "CBM 138 Extra"]
[Source "ChessBase"]
[SourceDate "2010.10.29"]
[SourceVersion "1"]
[SourceVersionDate "2010.10.29"]
[SourceQuality "1"]

1. d4 d5 2. c4 e6 3. Nf3 Nf6 4. g3 dxc4 5. Nbd2 b5 6. Bg2 Bb7 7. 0-0 Be7 8. a4 c6 9. Qc2 0-0 10. Rd1 Na6 11. e3 Nb4 12. Qc3 Nfd5 13. Qa3 Nc2 14. Qa2 Ndb4 15. Qb1 Nxa1 16. Qxa1 a6 17. Ne5 f6 18. Nef3 c5 19. b3 cxd4 20. Nxd4 Bxg2 21. Kxg2 e5 22. Nf5 Bc5 23. Ba3 Qd3 24. Nh4 Rad8 25. Nhf3 Nc2 26. Bxc5 Nxa1 0-1

[Event "Wch Blitz qf (Women)"]
[Site "Moscow"]
[Date "2010.09.14"]
[Round "9"]
[White "Chasovnikova, Eugenia"]
[Black "Dogodkina, Julia"]
[Result "1-0"]
[WhiteElo "2251"]
[BlackElo "2071"]
[PlyCount "79"]
[EventDate "2010.09.14"]
[EventType "swiss (blitz)"]
[EventRounds "11"]
[EventCountry "RUS"]
[SourceTitle "CBM 138 Extra"]
[Source "ChessBase"]
[SourceDate "2010.10.29"]
[SourceVersion "1"]
[SourceVersionDate "2010.10.29"]
[SourceQuality "1"]

1. d4 Nf6 2. Nf3 e6 3. c4 b6 4. g3 Bb7 5. Bg2 Be7 6. Nc3 d5 7. cxd5 exd5 8. 0-0 0-0 9. Bf4 c5 10. Rc1 Nbd7 11. Ne5 cxd4 12. Qxd4 Nc5 13. Rfd1 Ne6 14. Qd2 Nxf4 15. gxf4 Ne4 16. Nxe4 dxe4 17. Qe3 Qe8 18. Nd7 Bc5 19. Qg3 Qe7 20. Nxf8 Rxf8 21. e3 Ba6 22. a3 Bd3 23. b4 Bd6 24. f3 Be2 25. Re1 exf3 26. Qf2 a5 27. Bxf3 Bxf3 28. Qxf3 axb4 29. axb4 Bxb4 30. Re2 Bc5 31. Kh1 Re8 32. e4 Qb7 33. f5 Qe7 34. e5 Qg5 35. Rf1 Rd8 36. Rg2 Qh6 37. e6 fxe6 38. f6 g6 39. f7+ Kf8 40. Qf6 1-0

[Event "Wch Blitz qf (Women)"]
[Site "Moscow"]
[Date "2010.09.14"]
[Round "7"]
[White "Chasovnikova, Eugenia"]
[Black "Krasenkova, Ilena"]
[Result "0-1"]
[WhiteElo "2251"]
[BlackElo "2140"]
[PlyCount "72"]
[EventDate "2010.09.14"]
[EventType "swiss (blitz)"]
[EventRounds "11"]
[EventCountry "RUS"]
[SourceTitle "CBM 138 Extra"]
[Source "ChessBase"]
[SourceDate "2010.10.29"]
[SourceVersion "1"]
[SourceVersionDate "2010.10.29"]
[SourceQuality "1"]

1. d4 Nf6 2. Nf3 g6 3. c3 Bg7 4. Bg5 d5 5. Nbd2 0-0 6. e3 c6 7. Be2 Qb6 8. Qc1 Bg4 9. h3 Bxf3 10. Nxf3 Nbd7 11. 0-0 a5 12. Qc2 a4 13. b4 axb3 14. axb3 e6 15. Bf4 Ne4 16. Bd3 Ndf6 17. c4 Rfc8 18. Ne5 c5 19. f3 Nd6 20. dxc5 Qxc5 21. Kh1 Rxa1 22. Rxa1 dxc4 23. bxc4 Nh5 24. Nd7 Qc7 25. Ne5 Nxf4 26. exf4 Qc5 27. Re1 Qd4 28. g3 b5 29. Qe2 bxc4 30. Bc2 c3 31. Rd1 Qc5 32. Re1 Bxe5 33. fxe5 Nc4 34. Qe4 Qf2 35. g4 Nd2 36. Qe2 Qxf3+ 0-1

[Event "Wch Blitz qf (Women)"]
[Site "Moscow"]
[Date "2010.09.14"]
[Round "5"]
[White "Chasovnikova, Eugenia"]
[Black "Mirzoeva, Elmira"]
[Result "0-1"]
[WhiteElo "2251"]
[BlackElo "2258"]
[PlyCount "104"]
[EventDate "2010.09.14"]
[EventType "swiss (blitz)"]
[EventRounds "11"]
[EventCountry "RUS"]
[SourceTitle "CBM 138 Extra"]
[Source "ChessBase"]
[SourceDate "2010.10.29"]
[SourceVersion "1"]
[SourceVersionDate "2010.10.29"]
[SourceQuality "1"]

1. d4 d5 2. c4 c6 3. Nc3 Nf6 4. Nf3 dxc4 5. e4 b5 6. Be2 a6 7. 0-0 e6 8. Bg5 Be7 9. e5 Nd5 10. Bxe7 Qxe7 11. Ne4 0-0 12. a4 Bb7 13. Nc5 a5 14. Qd2 Na6 15. Nxa6 Rxa6 16. Ng5 Qb4 17. Qc2 g6 18. Ne4 Ra7 19. Qc1 Qe7 20. Qh6 f6 21. exf6 Nxf6 22. Nc5 Bc8 23. Bf3 Nd5 24. Rfe1 Qf6 25. Rad1 b4 26. Ne4 Qg7 27. Qh4 Nf4 28. Nd6 Bd7 29. Nxc4 g5 30. Qg3 h5 31. h4 g4 32. Be4 Nd5 33. Ne5 Be8 34. Rc1 Rc7 35. Bb1 Qf6 36. Re2 Nf4 37. Rd2 Rc8 38. Be4 c5 39. Nf3 c4 40. d5 c3 41. bxc3 bxc3 42. Rdc2 exd5 43. Bxd5+ Nxd5 44. Ng5 Bg6 45. Re2 Qf4 46. Re6 Qxc1+ 47. Kh2 Qf4 48. Rxg6+ Kh8 49. Rh6+ Kg7 50. Rh7+ Kg8 51. Qxf4 Nxf4 52. Rd7 c2 0-1

[Event "Wch Blitz qf (Women)"]
[Site "Moscow"]
[Date "2010.09.14"]
[Round "6"]
[White "Mikhaylova, Irina"]
[Black "Chasovnikova, Eugenia"]
[Result "1/2-1/2"]
[WhiteElo "2288"]
[BlackElo "2251"]
[PlyCount "85"]
[EventDate "2010.09.14"]
[EventType "swiss (blitz)"]
[EventRounds "11"]
[EventCountry "RUS"]
[SourceTitle "CBM 138 Extra"]
[Source "ChessBase"]
[SourceDate "2010.10.29"]
[SourceVersion "1"]
[SourceVersionDate "2010.10.29"]
[SourceQuality "1"]

1. d4 d5 2. Nf3 Nf6 3. c4 e6 4. Bg5 Be7 5. e3 0-0 6. Nc3 Nbd7 7. Qc2 c5 8. cxd5 exd5 9. dxc5 Nxc5 10. Be2 h6 11. Bh4 Be6 12. 0-0 Rc8 13. Rfd1 Nce4 14. Qd3 Nxc3 15. bxc3 Ne4 16. Bxe7 Qxe7 17. Rdc1 Qf6 18. c4 Nc5 19. Qd4 Qxd4 20. exd4 Ne4 21. c5 b6 22. Ba6 Rc7 23. cxb6 Rxc1+ 24. Rxc1 axb6 25. Bd3 Ra8 26. Rc2 Nd6 27. Ne5 f6 28. Nc6 Kf7 29. f3 Nc4 30. Kf2 Ra3 31. Be2 b5 32. Nb4 g5 33. g4 f5 34. h3 fxg4 35. hxg4 Ke7 36. Nd3 Kd6 37. Nc5 Ne3 38. Rd2 Nc4 39. Rc2 Ne3 40. Rb2 Nc4 41. Rc2 Ne3 42. Rd2 Nc4 43. Ke1 1/2-1/2

[Event "Wch Blitz qf (Women)"]
[Site "Moscow"]
[Date "2010.09.14"]
[Round "8"]
[White "Olenina, Aysa"]
[Black "Chasovnikova, Eugenia"]
[Result "0-1"]
[WhiteElo "1951"]
[BlackElo "2251"]
[PlyCount "71"]
[EventDate "2010.09.14"]
[EventType "swiss (blitz)"]
[EventRounds "11"]
[EventCountry "RUS"]
[SourceTitle "CBM 138 Extra"]
[Source "ChessBase"]
[SourceDate "2010.10.29"]
[SourceVersion "1"]
[SourceVersionDate "2010.10.29"]
[SourceQuality "1"]

1. e4 c5 2. Nf3 Nc6 3. d4 cxd4 4. Nxd4 Nf6 5. Nc3 e5 6. Ndb5 d6 7. Bg5 a6 8. Na3 Be6 9. Nc4 Rc8 10. Ne3 Be7 11. Be2 0-0 12. 0-0 Nd4 13. Bxf6 Bxf6 14. Bg4 Bg5 15. h3 b5 16. a3 g6 17. Qd3 h5 18. Be2 Qd7 19. Rad1 Rfd8 20. Rd2 Bc4 21. Nxc4 bxc4 22. Qg3 Bxd2 23. Bxh5 Kg7 24. Nd5 Bf4 25. Qh4 g5 26. Qg4 Qxg4 27. Bxg4 Rb8 28. g3 Bd2 29. Rd1 Ba5 30. c3 Ne6 31. Ne7 Rb6 32. Rd5 Nc5 33. Nf5+ Kf6 34. h4 gxh4 35. gxh4 Rxb2 36. Nxd6 0-1

[Event "Moscow-ch (Women)"]
[Site "Moscow"]
[Date "2010.05.27"]
[Round "7"]
[White "Chasovnikova, Eugenia"]
[Black "Vasilevich, Irina"]
[Result "1/2-1/2"]
[WhiteElo "2251"]
[BlackElo "2331"]
[PlyCount "109"]
[EventDate "2010.05.21"]
[EventType "swiss"]
[EventRounds "9"]
[EventCountry "RUS"]
[SourceTitle "CBM 136 Extra"]
[Source "ChessBase"]
[SourceDate "2010.07.02"]
[SourceVersion "2"]
[SourceVersionDate "2010.07.15"]
[SourceQuality "1"]

1. d4 e6 2. c4 Bb4+ 3. Nd2 f5 4. Ngf3 Nf6 5. a3 Bxd2+ 6. Qxd2 d6 7. g3 Nbd7 8. Bg2 0-0 9. b4 Qe8 10. Bb2 Ne4 11. Qc2 Ndf6 12. 0-0 Qh5 13. Ne1 Ng5 14. f3 Nh3+ 15. Kh1 f4 16. gxf4 Nxf4 17. e3 Ng6 18. Nd3 e5 19. dxe5 dxe5 20. c5 Be6 21. e4 Rad8 22. c6 b6 23. Qc3 Rxd3 24. Qxd3 Nf4 25. Qc3 Nxg2 26. Kxg2 Bh3+ 27. Kh1 Bxf1 28. Rxf1 Qh3 29. Qc4+ Kh8 30. Kg1 Rd8 31. Qe2 Qh5 32. Rd1 Rf8 33. b5 h6 34. Rd3 Nh7 35. Kh1 Ng5 36. Bxe5 Nxf3 37. Rd5 Qg5 38. Bg3 Qc1+ 39. Rd1 Qg5 40. Rf1 Qg4 41. Bxc7 Kh7 42. Bg3 Nh4 43. Qd3 Rxf1+ 44. Qxf1 Qxe4+ 45. Kg1 Nf3+ 46. Kf2 Nd4 47. c7 Qc2+ 48. Kg1 Ne6 49. Qf2 Qb1+ 50. Kg2 Qe4+ 51. Kf1 Qc4+ 52. Qe2 Qc1+ 53. Qe1 Qc4+ 54. Qe2 Qc1+ 55. Qe1 1/2-1/2

[Event "EU-ch (Women) 10th"]
[Site "St Petersburg"]
[Date "2009.03.14"]
[Round "7"]
[White "Eidelson, Rakhil"]
[Black "Chasovnikova, Eugenia"]
[Result "0-1"]
[WhiteElo "2225"]
[BlackElo "2302"]
[PlyCount "60"]
[EventDate "2009.03.08"]
[EventType "swiss"]
[EventRounds "11"]
[EventCountry "RUS"]
[SourceTitle "CBM 129 Extra"]
[Source "ChessBase"]
[SourceDate "2009.05.05"]
[SourceVersion "2"]
[SourceVersionDate "2009.05.20"]
[SourceQuality "1"]

1. d4 Nf6 2. Nf3 e6 3. g3 b5 4. Bg2 Bb7 5. 0-0 c5 6. c3 Be7 7. Nbd2 0-0 8. Re1 d5 9. dxc5 Bxc5 10. Nb3 Bb6 11. Nbd4 Nbd7 12. Rf1 a6 13. a4 bxa4 14. Rxa4 Ne4 15. Ra1 Qf6 16. Nd2 Rfd8 17. Nxe4 dxe4 18. Qc2 Qg6 19. Qb1 Nf6 20. e3 a5 21. b3 Ng4 22. f3 exf3 23. Qxg6 hxg6 24. Bxf3 Bxf3 25. Rxf3 Rac8 26. c4 Rxd4 27. exd4 Bxd4+ 28. Kg2 Bxa1 29. Bd2 a4 30. Rf1 Bc3 0-1

[Event "EU-ch (Women) 10th"]
[Site "St Petersburg"]
[Date "2009.03.13"]
[Round "6"]
[White "Chasovnikova, Eugenia"]
[Black "Sorokina, Anastasia1111"]
[Result "1/2-1/2"]
[WhiteElo "2302"]
[BlackElo "2087"]
[PlyCount "105"]
[EventDate "2009.03.08"]
[EventType "swiss"]
[EventRounds "11"]
[EventCountry "RUS"]
[SourceTitle "CBM 129 Extra"]
[Source "ChessBase"]
[SourceDate "2009.05.05"]
[SourceVersion "2"]
[SourceVersionDate "2009.05.20"]
[SourceQuality "1"]

1. d4 Nf6 2. Nf3 g6 3. c4 Bg7 4. Nc3 0-0 5. e4 d6 6. h3 Na6 7. Bg5 Qe8 8. Be2 e5 9. d5 Nc5 10. Nd2 a5 11. Qc2 h6 12. Be3 Nfd7 13. Nb5 Qd8 14. g4 Re8 15. 0-0-0 Bf8 16. h4 c6 17. Nc3 Be7 18. Bxh6 Bxh4 19. Nf3 Be7 20. Qd2 Nf6 21. Ng5 Bxg4 22. Bxg4 Nxg4 23. Rdg1 Nxh6 24. Rxh6 Bxg5 25. Rxg5 Nd3+ 26. Kc2 Nf4 27. Rg1 Qf6 28. Rb1 Kf8 29. dxc6 bxc6 30. c5 Ke7 31. Na4 dxc5 32. Nb6 Ra7 33. Rd1 Qe6 34. Kb1 Kf6 35. Rh7 c4 36. Nd7+ Ke7 37. Nc5 Qf6 38. Qe3 Rea8 39. Qa3 Ke8 40. Rdh1 Qd6 41. Qe3 a4 42. Kc2 Rb8 43. Rh8+ Ke7 44. R1h7 Rxh8 45. Rxh8 Ra5 46. Qg3 Kf6 47. Qh4+ g5 48. Qg4 Kg7 49. Qc8 Rxc5 50. Rg8+ Kh7 51. Rh8+ Kg7 52. Rg8+ Kh7 53. Rh8+ 1/2-1/2

[Event "EU-ch (Women) 10th"]
[Site "St Petersburg"]
[Date "2009.03.10"]
[Round "3"]
[White "Khurtsidze, Nino"]
[Black "Chasovnikova, Eugenia"]
[Result "1-0"]
[WhiteElo "2421"]
[BlackElo "2302"]
[PlyCount "135"]
[EventDate "2009.03.08"]
[EventType "swiss"]
[EventRounds "11"]
[EventCountry "RUS"]
[SourceTitle "CBM 129 Extra"]
[Source "ChessBase"]
[SourceDate "2009.05.05"]
[SourceVersion "2"]
[SourceVersionDate "2009.05.20"]
[SourceQuality "1"]

1. c4 c6 2. d4 d5 3. Nf3 Nf6 4. e3 e6 5. Bd3 Nbd7 6. 0-0 Bd6 7. Nbd2 0-0 8. e4 e5 9. cxd5 cxd5 10. Re1 Qc7 11. exd5 exd4 12. Nc4 Bb4 13. d6 Bxd6 14. Nxd6 Qxd6 15. Nxd4 Nc5 16. Bc2 Rd8 17. Be3 Ng4 18. Nf3 Nxe3 19. Qxd6 Rxd6 20. Rxe3 Bd7 21. Rc1 b6 22. Ne5 Be6 23. b4 Nd7 24. Be4 Re8 25. Nc6 g6 26. a3 a6 27. h3 Kg7 28. Bf3 Rc8 29. Rec3 Nf6 30. Nd4 Rxd4 31. Rxc8 Bxc8 32. Rxc8 Rd3 33. Rc6 Nd7 34. a4 Rd4 35. a5 Rxb4 36. Rd6 Ne5 37. Rxb6 Rxb6 38. axb6 Kf8 39. Be2 Nd7 40. b7 a5 41. Bb5 Nb8 42. Kf1 Ke7 43. Ke2 Kd6 44. Kd3 Kc7 45. Kd4 f6 46. Kd5 Kxb7 47. Ke6 Kb6 48. Ba4 f5 49. Kf6 Nc6 50. Kg7 Ne5 51. Kxh7 f4 52. Kg7 Kc5 53. Kf6 Kd4 54. f3 Nd3 55. Kxg6 Ne1 56. h4 Nxg2 57. h5 Nh4+ 58. Kf6 Nxf3 59. h6 Nd2 60. h7 f3 61. h8Q f2 62. Bb5 Kc5 63. Qh5+ Kb4 64. Qd5 f1Q+ 65. Bxf1 Nxf1 66. Qd4+ Kb3 67. Qd3+ Kb2 68. Qe2+ 1-0

[Event "EU-ch (Women) 10th"]
[Site "St Petersburg"]
[Date "2009.03.08"]
[Round "1"]
[White "Abuladze, Lana"]
[Black "Chasovnikova, Eugenia"]
[Result "0-1"]
[WhiteElo "2029"]
[BlackElo "2302"]
[PlyCount "172"]
[EventDate "2009.03.08"]
[EventType "swiss"]
[EventRounds "11"]
[EventCountry "RUS"]
[SourceTitle "CBM 129 Extra"]
[Source "ChessBase"]
[SourceDate "2009.05.05"]
[SourceVersion "2"]
[SourceVersionDate "2009.05.20"]
[SourceQuality "1"]

1. e4 c5 2. d3 Nc6 3. f4 g6 4. g3 Bg7 5. Bg2 d6 6. Nf3 Bg4 7. h3 Bxf3 8. Qxf3 e6 9. 0-0 Nge7 10. c3 d5 11. Nd2 0-0 12. Qf2 Rc8 13. Nf3 c4 14. exd5 exd5 15. d4 Nf5 16. Ne5 Nce7 17. Re1 Nd6 18. Qe2 Re8 19. Be3 f6 20. Ng4 Ne4 21. Bf2 Nf5 22. Kh2 h5 23. Ne3 Nexg3 24. Qf3 Nxe3 25. Qxg3 Nxg2 26. Qxg2 Qd6 27. Qxg6 Qxf4+ 28. Bg3 Qd2+ 29. Kh1 Rxe1+ 30. Rxe1 Qd3 31. Re8+ Rxe8 32. Qxe8+ Bf8 33. Qe6+ Kg7 34. Qd7+ Kh8 35. Kg2 Qc2+ 36. Kf3 Qxb2 37. Be1 Qb1 38. Qe6 Qd3+ 39. Kf2 Qc2+ 40. Kf3 Qd3+ 41. Kf2 Kg7 42. Qd7+ Kh6 43. Qxd5 Qxh3 44. Bd2+ Kg6 45. Qg8+ Bg7 46. d5 Qh2+ 47. Ke1 Qe5+ 48. Kf2 h4 49. d6 Qxd6 50. Qe8+ Kf5 51. Qh5+ Ke6 52. Qg4+ f5 53. Qxc4+ Qd5 54. Qe2+ Be5 55. Bf4 Qe4 56. Be3 f4 57. Qg4+ Kd6 58. Bxa7 Qc2+ 59. Kg1 Qb1+ 60. Kg2 Qxa2+ 61. Bf2 Qd5+ 62. Kg1 f3 63. Qg6+ Kd7 64. Qg4+ Kc7 65. Bd4 Bxd4+ 66. cxd4 h3 67. Qf4+ Kb6 68. Kh2 Kb5 69. Kxh3 Kc4 70. Kg3 b5 71. Qc1+ Kxd4 72. Qd1+ Kc5 73. Qc1+ Kb6 74. Qe3+ Kc6 75. Qc3+ Kb7 76. Qg7+ Kb6 77. Qf6+ Ka5 78. Qa1+ Kb4 79. Qb2+ Qb3 80. Qd4+ Qc4 81. Qb2+ Kc5 82. Kxf3 Qd3+ 83. Kg2 b4 84. Qf2+ Kc4 85. Qf4+ Kc3 86. Qc7+ Kb2 0-1